|
|
|
|
| LEADER |
009120000a22003010004500 |
| 020 |
|
|
|a 981-240-071-0
|
| 082 |
|
|
|a 658 P13
|
| 100 |
|
|
|a Momaya, K; Editor
|
| 100 |
|
|
|a Sharma, O P; Editor
|
| 100 |
|
|
|a Sushil; Editor
|
| 245 |
|
|
|a New business paradigm: global, virtual and flexible
|
| 250 |
|
|
|
| 260 |
|
|
|a Australia, Thomson Learning
|
| 260 |
|
|
|c 2001
|
| 460 |
|
|
|a 1168p
|
| 465 |
|
|
|a USD30.00
|
| 500 |
|
|
|a ed.by Sushil, K Momaya and O P Sharma
|
| 500 |
|
|
|a Includes bibliographical references
|
| 650 |
|
|
|a Business
|
| 650 |
|
|
|a Electronic commerce
|
| 650 |
|
|
|a Knowledge management
|
| 650 |
|
|
|a Management
|
| 650 |
|
|
|a Operations research
|
| 650 |
|
|
|a Quality management
|
| 650 |
|
|
|a Supply chain management
|
| 942 |
|
|
|c BK
|
| 999 |
|
|
|c 32850
|d 32850
|
| 952 |
|
|
|0 0
|1 0
|4 0
|6 658_000000000000000_P13
|7 0
|8 ENG
|9 33026
|a MGUL
|b MGUL
|d 2013-07-16
|e USD30.00
|l 0
|o 658 P13
|p 33378
|r 2013-07-16
|w 2013-07-16
|y BK
|